70 jours qui ont fait l'histoire d'Israël (notice n° 2152371)
[ vue normale ]
| 000 -LEADER | |
|---|---|
| fixed length control field | 01048cam a2200133 4500500 |
| 005 - DATE AND TIME OF LATEST TRANSACTION | |
| control field | 20260405032123.0 |
| 041 ## - LANGUAGE CODE | |
| Language code of text/sound track or separate title | fre |
| 042 ## - AUTHENTICATION CODE | |
| Authentication code | dc |
| 100 10 - MAIN ENTRY--PERSONAL NAME | |
| Personal name | Malka, Salomon |
| Relator term | author |
| 245 00 - TITLE STATEMENT | |
| Title | 70 jours qui ont fait l'histoire d'Israël |
| 260 ## - PUBLICATION, DISTRIBUTION, ETC. | |
| Name of publisher, distributor, etc. | Armand Colin,<br/> |
| Date of publication, distribution, etc. | 2018.<br/> |
| 520 ## - SUMMARY, ETC. | |
| Summary, etc. | 2018 marque l’anniversaire des 70 ans d’Israël (vote de l’ONU du 14 mai 1948). Dans cet ouvrage, Salomon Malka revient sur 70 dates qui ont compté dans l’histoire de cet État. Il nous raconte ainsi chaque journée marquante ou déterminante pour ce pays, en guerre depuis sa création. La politique, les relations internationales, mais également l’archéologie, la culture, la technologie, l’écologie… sont revisités par l’éclairage qu’en donne l’auteur. Un essai passionnant et essentiel pour comprendre le parcours d’un État et d’un peuple, du roi David à l’actualité la plus récente. |
| 856 41 - ELECTRONIC LOCATION AND ACCESS | |
| Uniform Resource Identifier | <a href="https://shs.cairn.info/70-jours-qui-ont-fait-l-histoire-d-israel--9782200621452?lang=fr&redirect-ssocas=7080">https://shs.cairn.info/70-jours-qui-ont-fait-l-histoire-d-israel--9782200621452?lang=fr&redirect-ssocas=7080</a> |
Pas d'exemplaire disponible.




Réseaux sociaux